[Event "Ceriano Laghetto op-B 21st"]
[Site "Ceriano Laghetto"]
[Date "2012.03.??"]
[Round "3"]
[White "Berardi, Alessandro"]
[Black "Recanatini, Italo"]
[Result "0-1"]
[WhiteElo "1604"]
[BlackElo "1810"]
[PlyCount "118"]
[EventDate "2012.03.24"]
[EventType "swiss"]
[EventRounds "5"]
[EventCountry "ITA"]
[SourceTitle "EXT 2024"]
[Source "ChessBase"]
[SourceDate "2023.10.10"]
[SourceVersion "1"]
[SourceVersionDate "2023.10.10"]
[SourceQuality "1"]

1. e4 e5 2. Nf3 Nc6 3. Bb5 a6 4. Ba4 Nf6 5. 0-0 b5 6. Bb3 Be7 7. Re1 d6 8. c3 Na5 9. Bc2 c5 10. d4 Nc6 11. dxc5 dxc5 12. Qxd8+ Bxd8 13. Be3 Be7 14. Nbd2 c4 15. a4 Bb7 16. h3 0-0 17. Nb1 h6 18. Na3 Bxa3 19. Rxa3 b4 20. cxb4 Nxb4 21. Bb1 Rfe8 22. Bd2 Nd3 23. Bxd3 cxd3 24. Rxd3 Bxe4 25. Rde3 Bxf3 26. gxf3 Nd7 27. Bc3 Nc5 28. a5 f6 29. f4 e4 30. f3 Nd3 31. Rd1 Nxf4 32. fxe4 Rad8 33. Rf1 Rd3 34. Rff3 Rxe3 35. Rxe3 Nd5 36. Re1 Nxc3 37. bxc3 Re5 38. Ra1 Rxe4 39. Kf2 Rc4 40. Ra3 Kf7 41. Ke3 Ke6 42. Rb3 Kd5 43. Kd3 Ra4 44. Rb7 Rxa5 45. Rxg7 Kd6 46. Kc4 Rh5 47. Ra7 Rxh3 48. Rxa6+ Ke5 49. Kb4 Rh1 50. Kc5 h5 51. Ra8 h4 52. Rc8 Kf4 53. Kd6 Rd1+ 54. Kc5 h3 55. Rh8 Rd3 56. Kc4 Rg3 57. Rh4+ Kf3 58. Rh6 f5 59. Rf6 Kg4 0-1

[Event "ITA-ch U20"]
[Site "Porto San Giorgio"]
[Date "2004.08.27"]
[Round "8"]
[White "Berardi, Alessandro"]
[Black "Bellemo, Davide"]
[Result "0-1"]
[WhiteElo "1577"]
[BlackElo "1712"]
[PlyCount "132"]
[EventDate "2004.08.20"]
[EventType "swiss"]
[EventRounds "9"]
[EventCountry "ITA"]
[SourceTitle "EXT 2005"]
[Source "ChessBase"]
[SourceDate "2004.11.15"]
[SourceVersion "1"]
[SourceVersionDate "2004.11.15"]
[SourceQuality "1"]

1. e4 e5 2. Nf3 Nc6 3. Bc4 Bc5 4. b4 Bb6 5. a4 a6 6. Nc3 d6 7. Nd5 Ba7 8. h3 Be6 9. c3 Nf6 10. d3 h6 11. 0-0 Bxd5 12. exd5 Ne7 13. Qb3 0-0 14. Rd1 b5 15. axb5 axb5 16. Rxa7 Rxa7 17. Bxb5 Nexd5 18. c4 Ne7 19. Be3 Ra8 20. c5 Qb8 21. Ba4 Nfd5 22. Bd2 Qb7 23. Rb1 Qa6 24. Ra1 Rfb8 25. c6 Nb6 26. b5 Qa7 27. Be3 Ned5 28. Qxd5 Nxd5 29. Bxa7 Rxa7 30. Nd2 Nc3 31. b6 Rxb6 32. Nc4 Rba6 33. Ra3 Nxa4 34. Rb3 Nb6 35. Ne3 Ra3 36. Rb1 Ra1 37. Rxa1 Rxa1+ 38. Kh2 Rc1 39. Nf5 Kf8 40. Kg3 Rxc6 41. f4 Rc3 42. Kg4 exf4 43. Kxf4 Rxd3 44. Ke4 Rd2 45. g4 Rd1 46. Ke3 Rh1 47. h4 Rh3+ 48. Kd4 g6 49. Ne3 Rxe3 50. Kxe3 Ke7 51. Kd4 c5+ 52. Kd3 d5 53. g5 hxg5 54. hxg5 Ke6 55. Ke3 Ke5 56. Kd3 c4+ 57. Kc3 d4+ 58. Kd2 Ke4 59. Kc2 Ke3 60. Kd1 d3 61. Ke1 c3 62. Kd1 Nc4 63. Kc1 Na3 64. Kd1 c2+ 65. Kc1 d2+ 66. Kb2 c1Q+ 0-1